000 00390pab a2200157 454500
008 180718b1998 xxu||||| |||| 00| 0 eng d
100 _aRao, S.L.
245 _aIndustry: the Indian dinosaurs
260 _c1998
300 _ap.84-86
362 _a17 Jan
650 _aIndia - Industries
650 _aIndustrial development
773 _aEconomic and Political Weekly
909 _a36996
999 _c36996
_d36996